Public Policy Training Manual, (Record no. 6277)

MARC details
005 - DATE AND TIME OF LATEST TRANSACTION
control field 20250629110316.0
082 ## - DEWEY DECIMAL CLASSIFICATION NUMBER
Classification number 350.00 WAR
100 ## - MAIN ENTRY--PERSONAL NAME
Author name WARIOBA, l.
245 ## - TITLE STATEMENT
Title Public Policy Training Manual,
260 ## - PUBLICATION, DISTRIBUTION, ETC.
Place of publication, distribution, etc. Dar es salaam.
Name of publisher, distributor, etc. MZUMBE UNIVERSITY,
Date of publication, distribution, etc. 2003.
300 ## - PHYSICAL DESCRIPTION
Extent vi, 61p,: ill.;
Other physical details Bibliograpy
Dimensions 21cm
942 ## - ADDED ENTRY ELEMENTS (KOHA)
Source of classification or shelving scheme Dewey Decimal Classification
Koha item type Books
Holdings
Date last seen Total checkouts Full call number Barcode Cost, replacement price Price effective from Koha item type Lost status Source of classification or shelving scheme Damaged status Not for loan Withdrawn status Home library Current library Shelving location Date acquired Cost, normal purchase price
06/29/2025   350.0072 WAR DOM0003285 9000.00 06/29/2025 Books   Dewey Decimal Classification       CBE Dodoma CBE Dodoma General Collection 02/20/2004 3000.00
06/29/2025   350.0072 WAR DOM0003284 9000.00 06/29/2025 Books   Dewey Decimal Classification       CBE Dodoma CBE Dodoma General Collection 02/20/2004 3000.00
06/29/2025   350.0072 WAR DOM0003283 9000.00 06/29/2025 Books   Dewey Decimal Classification       CBE Dodoma CBE Dodoma   03/20/2004 3000.00